000 00367nam a2200145Ia 4500
008 090124s9999 xx 000 0 und d
082 _b201902
245 _a आग
250 _a1
260 _bभावे पु. भा. (पुरुषोत्तम भास्कर)
_c1961
300 _a156
630 _a आग
730 _a आग
942 _cBOOK
999 _c183483
_d183483